01349nam a2200265 a 450000100100000000500170001000800410002702000150006802000180008304000250010108200190012610000200014524501560016526000350032130000320035650504160038865000240080465000340082865100440086265000490090670000200095570000190097570000350099471000540102900000016220240424131120.0081126s2004 dr a r 001 0 spa d a9993459011 a9789993459019 aDO-SdBNPbspacBNPHU a634.956bS487c1 aSerrano, Manuel13aLa cuestión forestal :bQuisqueya Verde, plan Sierra y Sabana Clara /cManuel Serrano, Ramón Díaz y Víctor Ruiz ; prólogo Arturo Grullón E. aSanto Domingo :bCEDAF,c2004. avii, 70 p. :bil. ;c25 cm.0 aEvaluación del Plan Nacional Quisqueya Verde -- Presentación -- Introducción -- Metodología -- Resultados -- Conclusiones y recomendaciones generales -- Lista de siglas -- Bibliografía consultada -- Dos experiencias del plan sierra: Las relaciones con APROBOSI y el proyecto la celestina -- Las relaciones Plan Sierra-APROBOSI --El proyecto La Celestina -- El plan de manejo del proyecto Sabana Clara. 0aRecursos naturales  4aProgramas forestales sociales 4aRepública DominicanaxReforestación 4aÁrboles maderableszRepública Dominicana1 aDíaz, Ramón1 aRuiz, Víctor1 aGrullón E., Arturo,epról.2 aCentro para el Desarrollo Agropecuario y Forestal